000 00321nam a2200121 a 4500
005 20140414131938.0
008 110125s19uu xx 00 eng d
050 _aER
_bC48 2006
100 _aArps, Melissa
245 _aCinderella III :
_bA twist in time.
260 _aNew York :
_bRandom House,
_c2006.
999 _c112508
_d112508